| 000 | 00365nam a22001337a 4500 | ||
|---|---|---|---|
| 999 |
_c15461 _d15461 |
||
| 020 | _a9789385880629 | ||
| 082 |
_a621.374 _bNAK/IN |
||
| 100 |
_aNakra , B.C . _93171 |
||
| 245 | _aInstrumentation measurement and analysis / | ||
| 250 | _a4th ed. | ||
| 260 |
_aNew Delhi : _bMc-Graw Hill Publishing Company , _c2017. |
||
| 700 |
_aChaudhry, K.K. _93172 |
||
| 942 | _cBK | ||